| 000 | 00993nam a22002651u 4500 | ||
|---|---|---|---|
| 001 | 12270 | ||
| 003 | HDC | ||
| 007 | cr bn --- | ||
| 008 | 210209p2003 my eng | ||
| 040 | _aHDC | ||
| 100 |
_aZabedah Mahmood, _eauthor _912779 |
||
| 245 | 0 |
_aImprovement of yield and quality of starfruit clone B10 cultivated under netted structure / _cby Zabedah Mahmood, Pauziah Muda and Nik Masdek Nik Hassan |
|
| 260 |
_aSerdang : _bMalaysian Agricultural Research and Development Institute (MARDI), _c2003 |
||
| 300 | _a2 pages | ||
| 336 |
_atext _2rdacontent |
||
| 337 |
_acomputer _2rdamedia |
||
| 338 |
_aonline resource _2rdacarrier |
||
| 650 |
_aFruit quality _912727 |
||
| 650 |
_aPesticide residue _912780 |
||
| 650 |
_aStarfruit _912585 |
||
| 856 | _zRequest full-text at [email protected] | ||
| 942 | _2lcc | ||
| 942 | _cAR | ||
| 942 | _kJART 003063 | ||
| 999 |
_c9593 _d9593 |
||